| 000 | 00840nam a2200229Ia 4500 | ||
|---|---|---|---|
| 001 | 15422 | ||
| 003 | GE_BSU | ||
| 008 | 181216s||||||||xx |||||||||||||| ||und|| | ||
| 020 | _cსაკუთარი სახელების ჩამონათვალი გვ.63-66 | ||
| 040 | _cGE_BSU | ||
| 080 | _a821.353.1-11 | ||
| 100 | _aჩახრუხაძე | ||
| 245 | _aთამარიანი ჩახრუხაძისა | ||
| 245 | _cწინას.ავტ. და რედ. ს. კაკაბაძე | ||
| 260 | _aტფილისი | ||
| 260 | _bფედერაცია | ||
| 260 | _c1937 | ||
| 300 | _a67გვ.19სმ. | ||
| 300 | _eდანართი ლექსიკონი გვ.55-61 | ||
| 653 | _aთამარიანი ჩახრუხაძისა | ||
| 942 | _cBK | ||
| 999 |
_c48525 _d48525 |
||